Polémiques à l'école : Perspectives internationales sur le lien social (notice n° 2141435)

détails MARC
000 -LEADER
fixed length control field 01964cam a2200145 4500500
005 - DATE AND TIME OF LATEST TRANSACTION
control field 20260405024812.0
041 ## - LANGUAGE CODE
Language code of text/sound track or separate title fre
042 ## - AUTHENTICATION CODE
Authentication code dc
100 10 - MAIN ENTRY--PERSONAL NAME
Personal name Grandjean, Geoffrey
Relator term author
245 00 - TITLE STATEMENT
Title Polémiques à l'école : Perspectives internationales sur le lien social
260 ## - PUBLICATION, DISTRIBUTION, ETC.
Name of publisher, distributor, etc. Armand Colin,<br/>
Date of publication, distribution, etc. 2012.<br/>
520 ## - SUMMARY, ETC.
Summary, etc. L’école reste marquée par le temps, les époques, les générations, les guerres, les crises politiques et sociétales, les controverses, les polémiques. Jamais, cette institution n’a épargné ses acteurs. C’est en substance ce que relève le présent ouvrage en insistant sur l’importance d’étudier l’école dans une perspective de science politique. Deux fils rouges sont ainsi privilégiés. Le premier porte sur le fait que l’école est marquée par cette double rencontre entre socialisation et polémiques multiples présentes, passées et futures. Le second comprend l’école comme une arène publique au sein de laquelle ce phénomène de politisation est toujours parvenu à se manifester, que ce soit dans les livres d’histoire ou dans le choix des événements à étudier ou non. C’est précisément la manière dont l’école apporte sa pierre à l’édifice de l’étude du lien social qui est au cœur de cet ouvrage. Quelle est la contribution de l’école dans la façon de concevoir le vivre ensemble au sein d’une société placée sous l’autorité d’un système politique ? Pour y répondre, les auteurs montrent que l’école peut être entendue comme une arène où se rencontrent de multiples acteurs, comme un lieu de confrontation et aussi comme un lieu de socialisation. Une dimension internationale est ici privilégiée en prenant appui sur des cas français, belges, canadiens, américains, espagnols ou encore libanais.
700 10 - ADDED ENTRY--PERSONAL NAME
Personal name Piet, Grégory
Relator term author
856 41 - ELECTRONIC LOCATION AND ACCESS
Uniform Resource Identifier <a href="https://shs.cairn.info/Polemiques-a-l-ecole--9782200277178?lang=fr&redirect-ssocas=7080">https://shs.cairn.info/Polemiques-a-l-ecole--9782200277178?lang=fr&redirect-ssocas=7080</a>

Pas d'exemplaire disponible.

PLUDOC

PLUDOC est la plateforme unique et centralisée de gestion des bibliothèques physiques et numériques de Guinée administré par le CEDUST. Elle est la plus grande base de données de ressources documentaires pour les Étudiants, Enseignants chercheurs et Chercheurs de Guinée.

Adresse

627 919 101/664 919 101

25 boulevard du commerce
Kaloum, Conakry, Guinée

Réseaux sociaux

Powered by Netsen Group @ 2025